| 000 | 00508nam a22001817a 4500 | ||
|---|---|---|---|
| 005 | 20250915161623.0 | ||
| 008 | 250915b |||||||| |||| 00| 0 eng d | ||
| 020 | _a9798887150567 | ||
| 050 |
_aSH 174 .G67 2023 _bC.1 |
||
| 100 | _aGoranson, Lisa | ||
| 245 | _aFish Pharmacology | ||
| 250 | _aFirst Edition | ||
| 260 |
_aDublin, OH _bOryson Press _c2023 |
||
| 300 | _aviii, 301p. | ||
| 500 | _aIncludes index | ||
| 650 | _a1. Fish - Pharmacology. 2. Aquatic animals - Drug effects. | ||
| 942 |
_2lcc _cBK |
||
| 999 |
_c216095 _d216095 |
||